00237nam a2200097Ia 4500008004100000041000800041100001500049245003800064260001800102999001900120230508s2001 xx 000 0 und d aeng aSEDHA R.S. aA TEXT BOOK OF APPLIED ELECTRONIC bS.CHANDc2001 c729064d729064